Wszystkie współczesne państwa kontrolowane przez Brytyjczyków - Statystyki

Ogólne statystyki
  • Ten quiz został rozwiązany 3 655 razy
  • Średni wynik to 98 z 124
Odpowiedzi na mapie
Odpowiedzi zakodowano w zielono-czerwonej skali na mapie do tego quizu, zgodnie z poniższymi procentami.
 
Statystyki odpowiedzi
Państwo % Poprawnych
Kanada
99%
Stany Zjednoczone
99%
Francja
97%
Wielka Brytania
96%
Irlandia
95%
Islandia
95%
Australia
94%
Kuba
94%
Niemcy
94%
Egipt
93%
Indie
93%
Austria
92%
Republika Południowej Afryki
92%
Irak
91%
Iran
91%
Madagaskar
91%
Włochy
91%
Chiny
90%
Japonia
90%
Nowa Zelandia
90%
Turcja
90%
Gruzja
89%
Indonezja
89%
Izrael
89%
Libia
89%
Oman
89%
Pakistan
89%
Jemen
88%
Sudan
88%
Afganistan
87%
Gujana
87%
Nepal
87%
Papua-Nowa Gwinea
87%
Somalia
87%
Syria
87%
Zjednoczone Emiraty Arabskie
87%
Arabia Saudyjska
86%
Azerbejdżan
86%
Chorwacja
86%
Cypr
86%
Etiopia
86%
Jordania
85%
Malezja
85%
Sri Lanka
85%
Surinam
85%
Albania
84%
Bangladesz
84%
Belgia
84%
Katar
84%
Mjanma
84%
Nigeria
84%
Sudan Południowy
84%
Armenia
83%
Kenia
83%
Bhutan
82%
Erytrea
82%
Kuwejt
82%
Liban
82%
Panama
82%
Lesotho
81%
Maroko
81%
Turkmenistan
81%
Argentyna
80%
Czarnogóra
80%
Hiszpania
80%
Jamajka
80%
Bahamy
79%
Filipiny
79%
Singapur
79%
Belize
78%
Haiti
78%
Malta
78%
Tanzania
78%
Bahrajn
77%
Namibia
77%
Togo
77%
Zambia
77%
Zimbabwe
77%
Senegal
76%
Dania
75%
Eswatini
75%
Ghana
75%
Malediwy
75%
Uganda
75%
Urugwaj
75%
Botswana
74%
Dżibuti
74%
Honduras
73%
Nikaragua
73%
Grecja
72%
Seszele
71%
Brazylia
70%
Kamerun
70%
Fidżi
69%
Gambia
69%
Malawi
67%
Mauretania
67%
Sierra Leone
67%
Trynidad i Tobago
67%
Benin
66%
Kiribati
66%
Wyspy Salomona
66%
Dominika
65%
Mauritius
65%
Rwanda
65%
Saint Lucia
65%
Wietnam
65%
Vanuatu
64%
Holandia
63%
Barbados
62%
Gwinea Bissau
62%
Nauru
62%
Portugalia
62%
Saint Vincent i Grenadyny
62%
Antigua i Barbuda
61%
Saint Kitts i Nevis
61%
Tonga
61%
Tuvalu
61%
Gwinea Równikowa
60%
Samoa
60%
Brunei
58%
Grenada
58%
Kolumbia
48%
Wenezuela
48%
Nie znaleziono quizów pasujących do podanych kryteriów
Rozkład punktacji
Procent ludzi z każdym wynikiem
Percentyl według liczby udzielonych odpowiedzi
Twoja historia wyników
Nie rozwiązałeś tego quizu